The life of Muhammad : (Record no. 23398)

MARC details
000 -LEADER
fixed length control field 00705cam a2200205 a 4500
020 ## - INTERNATIONAL STANDARD BOOK NUMBER
ISBN 0196360331
082 00 - DEWEY DECIMAL CLASSIFICATION NUMBER
Classification number 297.63
Author Cutter GUI
100 1# - MAIN ENTRY--AUTHOR NAME
Author name Ibn Hishām, ʻAbd al-Malik,
245 14 - TITLE STATEMENT
Title The life of Muhammad :
260 ## - PUBLICATION, DISTRIBUTION, ETC. (IMPRINT)
Place of publication Karachi ;
-- New York :
Name of publisher Oxford University Press,
Year of publication 2001.
300 ## - PHYSICAL DESCRIPTION
Number of Pages xlvii, 813 ;
500 ## - GENERAL NOTE
General note Translation of Ibn Hishām's Sīrat Rasūl Allāh which was based on Ibn Isḥāq's lost Sīrah.
500 ## - GENERAL NOTE
General note Originally published: London : Oxford University Press, 1955.
650 #0 - SUBJECT ADDED ENTRY--TOPICAL TERM
Topical Term Muslims
856 42 - ELECTRONIC LOCATION AND ACCESS
Uniform Resource Identifier http://www.loc.gov/catdir/enhancements/fy0616/2003428555-d.html
942 ## - ADDED ENTRY ELEMENTS (KOHA)
Koha item type Books
700 1# -
-- Ibn Isḥāq, Muḥammad,
700 1# -
-- Guillaume, Alfred,
Holdings
Home library Current library Shelving location Date acquired Source of acquisition Full call number Accession Number Koha item type
Henry Martyn Institute Library Henry Martyn Institute Library General stacks 01/19/2024 Shareef 297.63 GUI 11004807 Books
                   Copyright © 2026 | Henry Martyn Institute | Hyderabad | TS-500052 | INDIA | Implemented by hmi.edu.in
Hit-Count:

Powered by Koha